| 000 | 00732nam a2200205Ia 4500 | ||
|---|---|---|---|
| 003 | GCL | ||
| 008 | 140319s9999 xx 000 0 ara d | ||
| 040 |
_aGCL / _cGCL |
||
| 082 | 0 | 4 |
_a001.6425 _bس ص |
| 100 | 1 | _aعبدالله بن عبدالله العبيد | |
| 245 | 1 | 0 |
_aصفحات انتشار سوبركالك الالكترونية / _cعبدالله بن عبدالله العبيد |
| 700 | 1 | _aسرور على ابراهيم سرور | |
| 260 |
_a[S.N] : _bدار الراتب الجامعية ، _c1994 |
||
| 300 | _a230 ص | ||
| 490 | _a | ||
| 650 | 0 | 4 | _aالحاسبات الالكترونية |
| 650 | 0 | 4 | _aسوبر كالك |
| 650 | 0 | 4 | _aالحاسبات الالكترونية - برامج |
| 942 |
_2ddc _cBK |
||
| 999 |
_c52804 _d52804 |
||